[Event "Amager Skakforening Klubmesterskab 2006"]
[Site "Sundbyoster"]
[Date "2006.02.21"]
[Round "5"]
[White "Pedersen, Claus"]
[Black "Svensson, John Michael"]
[Result "0-1"]
[WhiteElo "1170"]
[BlackElo "1392"]
[PlyCount "74"]
[EventDate "2006.??.??"]

1. e4 d6 2. d4 Nf6 3. Nc3 g6 4. d5 Bg7 5. Bd3 c6 6. h3 O-O 7. Be3 Kh8 8. Qd2
Ng8 9. O-O-O a6 10. dxc6 bxc6 11. f4 d5 12. Nb1 d4 13. Bf2 c5 14. g4 e6 15. h4
Nc6 16. a3 f5 17. h5 g5 18. fxg5 Qc7 19. h6 Be5 20. Ne2 f4 21. Ng1 Nge7 22. Nf3
Ng6 23. Rh3 Bd6 24. Rdh1 Nce5 25. Nh4 c4 26. Nxg6+ hxg6 27. Bf1 d3 28. c3 Kh7
29. Rg1 Nf7 30. Bg2 Rb8 31. Bh4 Bc5 32. Bf2 Nxg5 33. Bxc5 Nxh3 34. Bxf8 Nxg1
35. Qd1 Ne2+ 36. Kd2 f3 37. Bxf3 Qf4+ 0-1

[Event "Amager Skakforening Klubmesterskab 2006"]
[Site "Sundbyoster"]
[Date "2006.03.14"]
[Round "6"]
[White "Gade, Jens"]
[Black "Larsen, Ulrik Jejlskov"]
[Result "0-1"]
[WhiteElo "1462"]
[BlackElo "1692"]
[PlyCount "116"]
[EventDate "2006.??.??"]

1. e4 d5 2. exd5 Qxd5 3. Nc3 Qa5 4. d4 Nf6 5. Nf3 Bf5 6. Bc4 e6 7. O-O c6 8.
Bd2 Bb4 9. a3 Bxc3 10. Bxc3 Qd8 11. Bb4 a5 12. Bc3 Nbd7 13. Re1 O-O 14. Bd3 Bg4
15. Be4 Nxe4 16. Rxe4 Nf6 17. Re3 b5 18. Rd3 Qb6 19. Qe2 Nd5 20. Qe1 b4 21. Bd2
Bxf3 22. gxf3 Rfc8 23. c4 bxc3 24. bxc3 Qb5 25. Qf1 Rcb8 26. Be1 Qb2 27. Rdd1
Nxc3 28. Bxc3 Qxc3 29. Kg2 Rb3 30. Qe2 Rxa3 31. Rac1 Qb4 32. Rxc6 Rc3 33. Qe4
Rxc6 34. Qxc6 Rb8 35. d5 exd5 36. Qxd5 a4 37. Qe4 Qxe4 38. fxe4 a3 39. Ra1 Ra8
40. Ra2 g5 41. Kg3 Kg7 42. Kg4 Kg6 43. h3 Ra4 44. f3 f5+ 45. Kg3 fxe4 46. fxe4
h5 47. Kf3 Kf6 48. Kg3 Ke5 49. Kf3 g4+ 50. hxg4 hxg4+ 51. Kxg4 Kxe4 52. Kg3 Kd3
53. Kf2 Kc3 54. Ke2 Kb3 55. Ra1 Kb2 56. Rd1 a2 57. Rd2+ Kb3 58. Rd3+ Kc4 0-1

[Event "Amager Skakforening Klubmesterskab 2006"]
[Site "Sundbyoster"]
[Date "2006.03.14"]
[Round "6"]
[White "Henriksen, Carsten W"]
[Black "Hartsteen, Mark Strange"]
[Result "1-0"]
[WhiteElo "1640"]
[BlackElo "1647"]
[PlyCount "57"]
[EventDate "2006.??.??"]

1. e4 d6 2. d4 Nf6 3. Nc3 g6 4. Bg5 Bg7 5. Qd2 O-O 6. Bh6 Ne8 7. Bxg7 Nxg7 8.
O-O-O Nd7 9. Bc4 e5 10. Nf3 Qe7 11. Kb1 Nf6 12. dxe5 dxe5 13. Qg5 Bg4 14. Nd5
Nxd5 15. Qxg4 Nb6 16. Bb3 a5 17. a3 c6 18. h4 Nh5 19. Ng5 Kh8 20. Qf3 h6 21.
Nxf7+ Kg7 22. Qe3 Rxf7 23. Bxf7 Qxf7 24. Qxb6 Nf4 25. g3 Ne6 26. Rd3 Nd4 27. c3
Ra6 28. Qc5 Nf3 29. Rhd1 1-0

[Event "Amager Skakforening Klubmesterskab 2006"]
[Site "Sundbyoster"]
[Date "2006.03.14"]
[Round "6"]
[White "Kokholm, Daniel"]
[Black "Nielsen, John Holm"]
[Result "0-1"]
[WhiteElo "1781"]
[BlackElo "1992"]
[PlyCount "65"]
[EventDate "2006.??.??"]

1. d4 d5 2. e4 dxe4 3. Nc3 Nf6 4. f3 exf3 5. Nxf3 Bf5 6. Bc4 e6 7. O-O Nbd7 8.
Ng5 Nb6 9. Bb3 Bg4 10. Qd3 Bh5 11. Nce4 Be7 12. Nxe6 fxe6 13. Nxf6+ Bxf6 14.
Qb5+ Qd7 15. Qxh5+ g6 16. Qh3 Bxd4+ 17. Kh1 Nd5 18. c3 Bg7 19. c4 Nf6 20. Re1
O-O 21. c5 Nd5 22. Bg5 Rf5 23. Bh6 Re8 24. Bxg7 Kxg7 25. Rad1 c6 26. g4 Rf7 27.
g5 Rf5 28. Qh6+ Kg8 29. Re2 Qe7 30. h4 Ref8 31. Bc2 Rf2 32. Rde1 Qc7 33. Re5
0-1

[Event "Amager Skakforening Klubmesterskab 2006"]
[Site "Sundbyoster"]
[Date "2006.03.14"]
[Round "6"]
[White "Lunding, Peter M"]
[Black "Pedersen, Kenneth Ankjaer"]
[Result "0-1"]
[WhiteElo "1927"]
[BlackElo "1669"]
[PlyCount "56"]
[EventDate "2006.??.??"]

1. d4 Nf6 2. c4 e5 3. dxe5 Ng4 4. Nf3 Bc5 5. e3 Nc6 6. a3 a5 7. b3 O-O 8. Be2
Ngxe5 9. O-O Nxf3+ 10. Bxf3 Ne5 11. Be2 Ra6 12. Bb2 Re8 13. Qd5 Qe7 14. Nc3 Rh6
15. g3 c6 16. Qg2 d6 17. Rfe1 Ng4 18. Bxg4 Bxg4 19. Na4 Ba7 20. b4 Qe6 21. Rac1
Qf5 22. e4 Qh5 23. e5 dxe5 24. Rc3 Rf6 25. c5 Bf3 26. Qf1 Rh6 27. h4 Qg4 28.
Qd3 Bd5 0-1

[Event "Amager Skakforening Klubmesterskab 2006"]
[Site "Sundbyoster"]
[Date "2006.03.14"]
[Round "6"]
[White "Pedersen, Claus"]
[Black "Nielsen, Thomas (1975)"]
[Result "0-1"]
[WhiteElo "1170"]
[BlackElo "1832"]
[PlyCount "77"]
[EventDate "2006.??.??"]

1. e4 c5 2. c3 g6 3. d4 cxd4 4. cxd4 Bg7 5. Nf3 Nf6 6. Nc3 O-O 7. Bc4 Qc7 8.
Qd3 a6 9. g3 b5 10. Bb3 Bb7 11. e5 Ne8 12. Nd5 Bxd5 13. Bxd5 Nc6 14. a3 e6 15.
Ba2 d6 16. exd6 Qxd6 17. Be3 Nc7 18. Rc1 Nd5 19. Bxd5 Qxd5 20. Ke2 Rac8 21. g4
Rfd8 22. h4 e5 23. Ng5 exd4 24. Bf4 Re8+ 25. Kd2 h6 26. Nf3 Re4 27. Bg3 Rxg4
28. b4 h5 29. Rhe1 Bh6+ 30. Ng5 Bxg5+ 31. hxg5 Qxg5+ 32. Kd1 Qxc1+ 33. Kxc1
Nxb4+ 34. Kd2 Nxd3 35. Kxd3 h4 36. Be5 Re8 37. f3 Rg2 38. Kxd4 f6 39. f4 0-1

[Event "Amager Skakforening Klubmesterskab 2006"]
[Site "Sundbyoster"]
[Date "2006.03.14"]
[Round "6"]
[White "Svensson, John Michael"]
[Black "Moller, Arne Vagn"]
[Result "0-1"]
[WhiteElo "1392"]
[BlackElo "1680"]
[PlyCount "64"]
[EventDate "2006.??.??"]

1. Nf3 Nf6 2. Nc3 d5 3. e3 g6 4. b3 Bg7 5. Bb2 O-O 6. d4 Nbd7 7. Bd3 c6 8. O-O
Re8 9. Ne2 e5 10. dxe5 Ng4 11. Ng3 Ndxe5 12. Nxe5 Bxe5 13. Bxe5 Rxe5 14. Be2 h5
15. Qd4 Qe7 16. h3 Nh6 17. Bd3 c5 18. Qf4 Kg7 19. c4 h4 20. Ne2 g5 21. Qh2 dxc4
22. Bxc4 g4 23. Nf4 Qg5 24. Rfd1 g3 25. fxg3 hxg3 26. Qh1 Rxe3 27. Rf1 Qe5 28.
Rad1 b5 29. Rd5 Qc3 30. Rg5+ Kh7 31. Nd5 Qd4 32. Rg4 Re4+ 0-1

[Event "Amager Skakforening Klubmesterskab 2006"]
[Site "Sundbyoster"]
[Date "2006.03.28"]
[Round "7"]
[White "Hartsteen, Mark Strange"]
[Black "Svensson, John Michael"]
[Result "1-0"]
[WhiteElo "1647"]
[BlackElo "1392"]
[PlyCount "103"]
[EventDate "2006.??.??"]

1. c4 c5 2. Nf3 Nf6 3. g3 b6 4. Bg2 Bb7 5. O-O g6 6. Nc3 Bg7 7. d3 O-O 8. Rb1
d6 9. a3 Nbd7 10. b4 Qc7 11. Bf4 e6 12. Nb5 Qd8 13. Bxd6 a6 14. Bxf8 Bxf8 15.
Nc3 Bg7 16. Na4 Bc6 17. bxc5 bxc5 18. Nc3 Ng4 19. Qc2 Nde5 20. Nxe5 Bxg2 21.
Nxg4 Bxf1 22. Kxf1 Qd4 23. Ne4 f5 24. e3 Qd8 25. Nxc5 Qd6 26. Nb7 Qxa3 27. c5
Bf8 28. Nf6+ Kg7 29. Nd7 Be7 30. c6 Rc8 31. c7 Bd6 32. Nxd6 Qxd6 33. Qb2+ Kh6
34. Qd4 Qxc7 35. Qh4+ Kg7 36. Qf6+ Kh6 37. Qxe6 Qc2 38. Qb3 Qc6 39. Ne5 Qh1+
40. Ke2 Qxh2 41. Nc4 Qh5+ 42. Kd2 Qf3 43. Kc3 Qd5 44. Qb7 Qa5+ 45. Kc2 Rc7 46.
Qb6 Qa4+ 47. Kd2 Rd7 48. Ne5 Re7 49. Rh1+ Kg7 50. Nc4 Rd7 51. Qb2+ Kg8 52. Qb8+
1-0

[Event "Amager Skakforening Klubmesterskab 2006"]
[Site "Sundbyoster"]
[Date "2006.03.28"]
[Round "7"]
[White "Kokholm, Daniel"]
[Black "Pedersen, Claus"]
[Result "1-0"]
[WhiteElo "1781"]
[BlackElo "1170"]
[PlyCount "47"]
[EventDate "2006.??.??"]

1. d4 b6 2. e4 Bb7 3. Bd3 g6 4. Be3 Bg7 5. Nc3 e5 6. d5 Ne7 7. d6 cxd6 8. Nb5
Nc8 9. Bc4 Bxe4 10. f3 Bf5 11. Bxf7+ Kxf7 12. Qd5+ Be6 13. Qxa8 Nc6 14. O-O-O
d5 15. Qxc8 Qe7 16. Qc7 d4 17. Nd6+ Kg8 18. Bd2 d3 19. c3 Bxa2 20. Nh3 Qe6 21.
Be3 e4 22. Qc8+ Bf8 23. Nxe4 Qd5 24. Nf6+ 1-0

[Event "Amager Skakforening Klubmesterskab 2006"]
[Site "Sundbyoster"]
[Date "2006.03.28"]
[Round "7"]
[White "Larsen, Ulrik Jejlskov"]
[Black "Henriksen, Carsten W"]
[Result "0-1"]
[WhiteElo "1692"]
[BlackElo "1640"]
[PlyCount "35"]
[EventDate "2006.??.??"]

1. d4 d5 2. Nf3 Nf6 3. Bf4 Bf5 4. e3 e6 5. c3 Be7 6. h3 Nbd7 7. Nbd2 h6 8. Be2
O-O 9. O-O c5 10. b4 cxb4 11. cxb4 Bxb4 12. Qb3 Qa5 13. Rfd1 Rfc8 14. a3 Bc3
15. Ra2 Bxd2 16. Nxd2 Nb6 17. Qb4 Qa4 18. Bb5 0-1

[Event "Amager Skakforening Klubmesterskab 2006"]
[Site "Sundbyoster"]
[Date "2006.03.28"]
[Round "7"]
[White "Moller, Arne Vagn"]
[Black "Gade, Jens"]
[Result "1-0"]
[WhiteElo "1680"]
[BlackElo "1462"]
[PlyCount "93"]
[EventDate "2006.??.??"]

1. e4 c5 2. Nf3 d6 3. d4 cxd4 4. Nxd4 Nf6 5. Nc3 a6 6. Be2 e6 7. O-O Be7 8. a4
O-O 9. Be3 Bd7 10. a5 Nc6 11. Nb3 Qc8 12. f3 Ne5 13. Na4 Bxa4 14. Rxa4 Qc6 15.
Ra1 Nc4 16. Bxc4 Qxc4 17. c3 d5 18. e5 Nd7 19. f4 f5 20. Nd4 Nc5 21. Qc2 Ne4
22. Nxe6 Rfe8 23. Nd4 Kh8 24. Nxf5 Bc5 25. Nd4 Bxd4 26. Bxd4 g6 27. Ra4 Qc6 28.
Rb4 Re6 29. f5 gxf5 30. Rxf5 Rg8 31. Rb6 Qd7 32. Rxe6 Qxe6 33. Rf3 Rg6 34. Qe2
Kg8 35. Qf1 Nd2 36. Rf8+ Kg7 37. Qf5 Qxf5 38. Rxf5 Re6 39. g4 Nb3 40. Bb6 Rc6
41. h3 Re6 42. Kf2 Nd2 43. Ke3 Nc4+ 44. Kd4 Nxb6 45. axb6 Rxb6 46. b4 Rh6 47.
Rf3 1-0

[Event "Amager Skakforening Klubmesterskab 2006"]
[Site "Sundbyoster"]
[Date "2006.03.28"]
[Round "7"]
[White "Nielsen, John Holm"]
[Black "Lunding, Peter M"]
[Result "1-0"]
[WhiteElo "1992"]
[BlackElo "1927"]
[PlyCount "79"]
[EventDate "2006.??.??"]

1. Nc3 d5 2. e4 e6 3. g3 d4 4. Nce2 e5 5. Nf3 Nc6 6. d3 f5 7. exf5 Bxf5 8. Bg2
Nf6 9. O-O Qd7 10. Re1 Be7 11. c3 O-O-O 12. cxd4 exd4 13. Nexd4 Nxd4 14. Nxd4
Bb4 15. Qf3 c6 16. Nxf5 Bxe1 17. Bh3 Bxf2+ 18. Qxf2 Kb8 19. Be3 Qxd3 20. Bxa7+
Ka8 21. Bb6 Rd5 22. Re1 Ne4 23. Qe3 Qxe3+ 24. Nxe3 Rb5 25. Nc4 Ng5 26. Bg2 h5
27. h4 Nf7 28. Re3 Nd6 29. Nxd6 Rxb6 30. b3 Rd8 31. Nc4 Ra6 32. a4 Kb8 33. a5
Rd7 34. Bh3 Rd1+ 35. Kf2 c5 36. Bg2 Rc1 37. Re7 g6 38. Rxb7+ Kc8 39. Rb6 Ra7
40. Bd5 1-0

[Event "Amager Skakforening Klubmesterskab 2006"]
[Site "Sundbyoster"]
[Date "2006.03.28"]
[Round "7"]
[White "Pedersen, Kenneth Ankjaer"]
[Black "Nielsen, Thomas (1975)"]
[Result "1-0"]
[WhiteElo "1669"]
[BlackElo "1832"]
[PlyCount "67"]
[EventDate "2006.??.??"]

1. e4 c6 2. d3 d5 3. Nd2 e5 4. Ngf3 Bg4 5. g3 Nd7 6. Bg2 Ngf6 7. O-O Qb6 8. h3
Bh5 9. c3 O-O-O 10. Qc2 Kb8 11. a4 dxe4 12. dxe4 Bg6 13. a5 Qc7 14. b4 c5 15.
b5 c4 16. Ra4 Nc5 17. b6 axb6 18. axb6 Qxb6 19. Rxc4 Nd3 20. Ne1 Nxc1 21. Qxc1
Ba3 22. Qc2 Rc8 23. Nd3 Nd7 24. Rb1 Qa6 25. Qb3 Rxc4 26. Nxc4 Be7 27. Ncxe5
Nxe5 28. Nxe5 Rd8 29. Bf1 b5 30. Bxb5 Qb6 31. Nc6+ Kc7 32. Nxe7 Rd2 33. Nd5+
Rxd5 34. Qxd5 1-0

[Event "Amager Skakforening Klubmesterskab 2006"]
[Site "Sundbyoster"]
[Date "2006.04.04"]
[Round "8"]
[White "Henriksen, Carsten W"]
[Black "Kokholm, Daniel"]
[Result "1/2-1/2"]
[WhiteElo "1640"]
[BlackElo "1781"]
[PlyCount "44"]
[EventDate "2006.??.??"]

1. e4 c5 2. Nf3 d6 3. Nc3 Nc6 4. d4 cxd4 5. Nxd4 Nf6 6. Bg5 Qa5 7. Bxf6 gxf6 8.
g3 a6 9. Bg2 Bd7 10. Nb3 Qd8 11. Nd5 e6 12. Ne3 Na5 13. c3 Rc8 14. Nxa5 Qxa5
15. Ng4 Be7 16. O-O Qb6 17. Rb1 h5 18. Ne3 Bc6 19. Qd2 Kd7 20. Rfd1 Rcd8 21.
Nc4 Qc7 22. Qe3 b5 1/2-1/2

[Event "Amager Skakforening Klubmesterskab 2006"]
[Site "Sundbyoster"]
[Date "2006.04.04"]
[Round "8"]
[White "Larsen, Ulrik Jejlskov"]
[Black "Moller, Arne Vagn"]
[Result "1-0"]
[WhiteElo "1692"]
[BlackElo "1680"]
[PlyCount "103"]
[EventDate "2006.??.??"]

1. d4 Nf6 2. Bf4 d6 3. e3 e6 4. Nf3 Be7 5. Bd3 Nbd7 6. c4 b6 7. Nc3 Bb7 8. h3
h6 9. Qe2 e5 10. dxe5 Bxf3 11. gxf3 dxe5 12. Bh2 Bd6 13. O-O-O Qe7 14. Ne4
O-O-O 15. Nxd6+ cxd6 16. Rd2 g6 17. Rhd1 Nc5 18. Bc2 Rd7 19. b4 Nb7 20. Ba4 Rc7
21. e4 Kb8 22. f4 Rhc8 23. Bb5 exf4 24. Bxf4 Qxe4 25. Qxe4 Nxe4 26. Rc2 g5 27.
Bh2 Rd8 28. f3 Nf6 29. Rcd2 Ne8 30. Kb2 Ka8 31. f4 Re7 32. Bc6 a6 33. fxg5 hxg5
34. c5 Rc7 35. Bxe8 Rxe8 36. cxd6 Rd7 37. Rg1 Re4 38. Rxg5 Rxb4+ 39. Kc3 a5 40.
Rg8+ Ka7 41. Rc8 Nc5 42. Re2 Ne4+ 43. Kc2 Kb7 44. Rc7+ Rxc7+ 45. dxc7 Ra4 46.
Kb2 Rb4+ 47. Ka1 Nc3 48. Rb2 Rd4 49. Rxb6+ Kxb6 50. c8=Q Rd1+ 51. Kb2 Rb1+ 52.
Kc2 1-0

[Event "Amager Skakforening Klubmesterskab 2006"]
[Site "Sundbyoster"]
[Date "2006.04.04"]
[Round "8"]
[White "Lunding, Peter M"]
[Black "Pedersen, Claus"]
[Result "1-0"]
[WhiteElo "1927"]
[BlackElo "1170"]
[PlyCount "23"]
[EventDate "2006.??.??"]

1. d4 b6 2. e4 Bb7 3. Bd3 g6 4. Nf3 Bg7 5. Qe2 e6 6. Nc3 Ne7 7. Bg5 f6 8. Bh4
d6 9. O-O-O Nd7 10. e5 f5 11. exd6 cxd6 12. Qxe6 1-0

[Event "Amager Skakforening Klubmesterskab 2006"]
[Site "Sundbyoster"]
[Date "2006.04.04"]
[Round "8"]
[White "Nielsen, John Holm"]
[Black "Svensson, John Michael"]
[Result "1-0"]
[WhiteElo "1992"]
[BlackElo "1392"]
[PlyCount "27"]
[EventDate "2006.??.??"]

1. Nc3 d5 2. e4 dxe4 3. Nxe4 c6 4. Bc4 e6 5. Nf3 Be7 6. d4 Nf6 7. Qe2 Nbd7 8.
Neg5 Nf8 9. Ne5 Qxd4 10. c3 Qh4 11. Ngxf7 Rg8 12. Ng5 Nd5 13. g3 Qh6 14. h4 1-0

[Event "Amager Skakforening Klubmesterskab 2006"]
[Site "Sundbyoster"]
[Date "2006.04.04"]
[Round "8"]
[White "Nielsen, Thomas (1975)"]
[Black "Gade, Jens"]
[Result "1-0"]
[WhiteElo "1832"]
[BlackElo "1462"]
[PlyCount "83"]
[EventDate "2006.??.??"]

1. d4 Nf6 2. c4 e6 3. Nc3 d5 4. Bg5 Be7 5. e3 O-O 6. cxd5 exd5 7. Nf3 Bg4 8.
Qb3 Bxf3 9. gxf3 Qd6 10. Bxf6 Bxf6 11. Qxd5 Qb4 12. O-O-O c6 13. Qf5 Be7 14.
Rg1 Qd6 15. Ne4 Qe6 16. Qxe6 fxe6 17. f4 Nd7 18. Bc4 Nb6 19. Bxe6+ Kh8 20. Rg4
Rae8 21. f5 Nd5 22. Rdg1 Nf6 23. Nxf6 Bxf6 24. Kc2 g6 25. R1g2 gxf5 26. Bxf5
Bd8 27. Bd3 b5 28. R4g3 Bh4 29. Rh3 Rxf2+ 30. Rxf2 Bxf2 31. Bxh7 Kg7 32. Kd3
Be1 33. Be4 Rf8 34. Ke2 Bb4 35. Rg3+ Kh8 36. Bxc6 a6 37. a3 Bd6 38. Rg6 Bc7 39.
h4 Rf5 40. Be4 Rh5 41. Rxa6 Rxh4 42. Ra8+ 1-0

[Event "Amager Skakforening Klubmesterskab 2006"]
[Site "Sundbyoster"]
[Date "2006.04.04"]
[Round "8"]
[White "Pedersen, Kenneth Ankjaer"]
[Black "Hartsteen, Mark Strange"]
[Result "1-0"]
[WhiteElo "1669"]
[BlackElo "1647"]
[PlyCount "67"]
[EventDate "2006.??.??"]

1. d4 Nf6 2. Nc3 g6 3. e4 d6 4. f3 Bg7 5. Be3 O-O 6. Qd2 e5 7. d5 Ne8 8. g4 f5
9. gxf5 gxf5 10. Bg5 Nf6 11. O-O-O Qe8 12. Nge2 f4 13. h4 Nh5 14. Bh3 Bxh3 15.
Rxh3 Nd7 16. Nb5 Qc8 17. Rg1 a6 18. Nbc3 Kh8 19. Nd1 Nb6 20. Nf2 Nc4 21. Qd3
Ne3 22. Ng4 c5 23. Rh2 c4 24. Qa3 Nxg4 25. fxg4 f3 26. gxh5 fxe2 27. Rxe2 Qd7
28. Reg2 Rf7 29. Qg3 h6 30. Bd2 Raf8 31. Qe1 b5 32. Rg6 Kh7 33. Bb4 Bf6 34. Qe3
1-0

[Event "Amager Skakforening Klubmesterskab 2006"]
[Site "Sundbyoster"]
[Date "2006.04.18"]
[Round "9"]
[White "Gade, Jens"]
[Black "Lunding, Peter M"]
[Result "0-1"]
[WhiteElo "1462"]
[BlackElo "1927"]
[PlyCount "92"]
[EventDate "2006.??.??"]

1. f4 d5 2. Nf3 g6 3. e3 Bg7 4. Be2 Nf6 5. O-O c5 6. Kh1 Nc6 7. d3 Qc7 8. Na3
a6 9. Rb1 b5 10. c4 dxc4 11. dxc4 b4 12. Nc2 Bf5 13. Bd3 Rd8 14. Nce1 Qd7 15.
Qa4 Bxd3 16. Nxd3 Qxd3 17. Qxc6+ Nd7 18. Bd2 Qxc4 19. b3 Qb5 20. Qe4 Nf6 21.
Qc2 Nd5 22. Rbe1 Bc3 23. Bxc3 Nxc3 24. f5 Qd3 25. Qxd3 Rxd3 26. fxg6 fxg6 27.
Ne5 Rd5 28. Nc4 Rf8 29. Kg1 Rxf1+ 30. Kxf1 Rf5+ 31. Kg1 Nxa2 32. Ra1 Nc3 33. h3
Rf6 34. Ra5 Ne4 35. Ne5 Rd6 36. Nc4 Re6 37. Kf1 Kd7 38. Ke2 Kc7 39. Kf3 Kb7 40.
Kf4 h6 41. h4 Nf2 42. g4 Nd3+ 43. Kf3 Ne5+ 44. Kf4 Nxc4 45. bxc4 b3 46. Ra1 a5
0-1

[Event "Amager Skakforening Klubmesterskab 2006"]
[Site "Sundbyoster"]
[Date "2006.04.18"]
[Round "9"]
[White "Hartsteen, Mark Strange"]
[Black "Nielsen, John Holm"]
[Result "1/2-1/2"]
[WhiteElo "1647"]
[BlackElo "1992"]
[PlyCount "45"]
[EventDate "2006.??.??"]

1. c4 e5 2. d3 Nf6 3. Nf3 Nc6 4. g3 Bc5 5. Bg2 O-O 6. O-O d6 7. Nc3 a6 8. a3
Ba7 9. b4 Nd4 10. e3 Nxf3+ 11. Bxf3 c6 12. Rb1 d5 13. Ne2 Qe7 14. e4 dxe4 15.
dxe4 Bh3 16. Re1 Rad8 17. Qc2 Rd7 18. c5 Rfd8 19. Be3 Ng4 20. Nc1 Nxe3 21. Rxe3
Rd2 22. Qc3 Bb8 23. Nd3 1/2-1/2

[Event "Amager Skakforening Klubmesterskab 2006"]
[Site "Sundbyoster"]
[Date "2006.04.18"]
[Round "9"]
[White "Kokholm, Daniel"]
[Black "Moller, Arne Vagn"]
[Result "1-0"]
[WhiteElo "1781"]
[BlackElo "1680"]
[PlyCount "29"]
[EventDate "2006.??.??"]

1. d4 Nf6 2. Nc3 d5 3. e4 dxe4 4. f3 exf3 5. Nxf3 Bg4 6. h3 Bxf3 7. Qxf3 c6 8.
Be3 e6 9. Bd3 Nbd7 10. O-O Be7 11. Rf2 O-O 12. Raf1 Bd6 13. Ne4 Bc7 14. Bg5 e5
15. Qf5 1-0

[Event "Amager Skakforening Klubmesterskab 2006"]
[Site "Sundbyoster"]
[Date "2006.04.18"]
[Round "9"]
[White "Nielsen, Thomas (1975)"]
[Black "Larsen, Ulrik Jejlskov"]
[Result "1-0"]
[WhiteElo "1832"]
[BlackElo "1692"]
[PlyCount "59"]
[EventDate "2006.??.??"]

1. c4 Nf6 2. Nc3 g6 3. g3 Bg7 4. Nf3 O-O 5. Bg2 c6 6. e4 d6 7. O-O Bg4 8. h3
Bd7 9. e5 dxe5 10. Nxe5 Be6 11. Qe2 Nbd7 12. Nf3 Nb6 13. b3 Qd7 14. Kh2 Rad8
15. d4 Qc7 16. Bf4 Qc8 17. Rac1 Nh5 18. Be3 Qc7 19. Rfe1 Bc8 20. Bg5 Rfe8 21.
Qe3 Nf6 22. Bf4 Qd7 23. Bb8 e6 24. Bxa7 Qc7 25. d5 Nbd7 26. dxc6 bxc6 27. Na4
Bf8 28. Bd4 c5 29. Bc3 Bg7 30. Ne5 1-0

[Event "Amager Skakforening Klubmesterskab 2006"]
[Site "Sundbyoster"]
[Date "2006.04.18"]
[Round "9"]
[White "Pedersen, Claus"]
[Black "Henriksen, Carsten W"]
[Result "0-1"]
[WhiteElo "1170"]
[BlackElo "1640"]
[PlyCount "64"]
[EventDate "2006.??.??"]

1. e4 c5 2. c3 e6 3. d4 cxd4 4. cxd4 Qb6 5. Nf3 Nf6 6. Qc2 Nc6 7. Be3 d5 8. e5
Ne4 9. Nbd2 Bb4 10. Be2 Bd7 11. O-O Bxd2 12. Nxd2 Nxd4 13. Qd3 Nxe2+ 14. Qxe2
Qxb2 15. Rfb1 Qxe5 16. Nf3 Qc7 17. Rc1 Bc6 18. Nd4 O-O 19. Nxc6 bxc6 20. Qa6
Rfc8 21. Rab1 Rab8 22. Bxa7 Rxb1 23. Rxb1 Nd6 24. Bb6 Qd7 25. Bc5 Ne4 26. Ba3
h6 27. Rb7 Rc7 28. Rb8+ Kh7 29. Rb3 c5 30. f3 c4 31. Re3 Ra7 32. Qb6 Rb7 0-1

[Event "Amager Skakforening Klubmesterskab 2006"]
[Site "Sundbyoster"]
[Date "2006.04.18"]
[Round "9"]
[White "Svensson, John Michael"]
[Black "Pedersen, Kenneth Ankjaer"]
[Result "0-1"]
[WhiteElo "1392"]
[BlackElo "1669"]
[PlyCount "78"]
[EventDate "2006.??.??"]

1. Nc3 d5 2. d4 Nf6 3. Nf3 c5 4. g3 cxd4 5. Qxd4 Nc6 6. Qf4 e6 7. a3 Bd6 8. Qa4
Bd7 9. Bg5 Bc5 10. Qh4 d4 11. Ne4 Be7 12. Nxf6+ gxf6 13. Bd2 e5 14. Qh5 e4 15.
Nh4 Ne5 16. Nf5 Bxf5 17. Qxf5 Qd5 18. Qh3 e3 19. fxe3 dxe3 20. Bxe3 Qxh1 21.
O-O-O Qe4 22. Bf4 Qc6 23. e3 a6 24. Qf5 Qe6 25. Qe4 Nc6 26. Qa4 O-O 27. Kb1
Rfd8 28. Bd3 Ne5 29. Bxe5 fxe5 30. Qe4 f5 31. Qa4 b5 32. Qa5 e4 33. Be2 Rxd1+
34. Bxd1 Rd8 35. Be2 Qd6 36. Kc1 Rc8 37. Qe1 Bg5 38. Bh5 Qc5 39. Qe2 Qxe3+ 0-1